<?xml version="1.0" encoding="UTF-8"?><?xml-stylesheet type="text/xsl" href="static/style.xsl"?><OAI-PMH xmlns="http://www.openarchives.org/OAI/2.0/" xmlns:xsi="http://www.w3.org/2001/XMLSchema-instance" xsi:schemaLocation="http://www.openarchives.org/OAI/2.0/ http://www.openarchives.org/OAI/2.0/OAI-PMH.xsd"><responseDate>2026-04-17T11:24:09Z</responseDate><request verb="GetRecord" identifier="oai:www.recercat.cat:2072/396654" metadataPrefix="marc">https://recercat.cat/oai/request</request><GetRecord><record><header><identifier>oai:recercat.cat:2072/396654</identifier><datestamp>2026-03-05T22:42:27Z</datestamp><setSpec>com_2072_98</setSpec><setSpec>col_2072_378192</setSpec></header><metadata><record xmlns="http://www.loc.gov/MARC21/slim" xmlns:dcterms="http://purl.org/dc/terms/" xmlns:xsi="http://www.w3.org/2001/XMLSchema-instance" xmlns:doc="http://www.lyncode.com/xoai" xsi:schemaLocation="http://www.loc.gov/MARC21/slim http://www.loc.gov/standards/marcxml/schema/MARC21slim.xsd">
   <leader>00925njm 22002777a 4500</leader>
   <datafield ind2=" " ind1=" " tag="042">
      <subfield code="a">dc</subfield>
   </datafield>
   <datafield ind2=" " ind1=" " tag="720">
      <subfield code="a">Borràs Català, Vicent</subfield>
      <subfield code="e">author</subfield>
   </datafield>
   <datafield ind2=" " ind1=" " tag="720">
      <subfield code="a">López Roldán, Pedro</subfield>
      <subfield code="e">author</subfield>
   </datafield>
   <datafield ind2=" " ind1=" " tag="720">
      <subfield code="a">Lozares Colina, Carlos</subfield>
      <subfield code="e">author</subfield>
   </datafield>
   <datafield ind2=" " ind1=" " tag="260">
      <subfield code="c">1999</subfield>
   </datafield>
   <datafield ind2=" " ind1=" " tag="520">
      <subfield code="a">Son casi innumerables las reflexiones que se han hecho en el campo de la metodología de las ciencias sociales, sobre la dicotomía, real o inexistente, entre las perspectivas de análisis cuantitativo y cualitativo, mientras que han sido menos abundantes los trabajos teóricos, aunque van siendo más frecuentes los empíricos, que han tratado de compatibilizar y/o complementar ambas perspectivas. En muchos casos los trabajos cualitativos cubren solamente los primeros pasos de la investigación social, como fases previas o exploratorias de la misma, para prolongarla después con una metodología más cuantitativa y extensiva como la inherente a las encuestas, al análisis de datos, multivariados, causales u otros. Este artículo presenta un ejemplo concreto del planteamiento inverso. Se parte de una gran encuesta con el objetivo de estructurar la realidad objeto de estudio, para posteriormente aplicar técnicas cualitativas, concretamente grupos de discusión.</subfield>
   </datafield>
   <datafield ind2=" " ind1=" " tag="520">
      <subfield code="a">Most times, the qualitative works have been the beginnings of research, or even more, they have shaped the exploratory stages before the dimensionalisation and categorisation for the use of extensive techniques as surveys. This article is an example of an inverse planning which starts from a large survey in order to structure the reality which is the target of the research and afterwards to apply qualitative techniques, concretely discussion groups. As a result, it is concerned with increasing the validity and representativeness of the discourses by individuals and groups which have been gained from the features obtained in the structural stage.</subfield>
   </datafield>
   <datafield tag="653" ind2=" " ind1=" ">
      <subfield code="a">Análisis de datos</subfield>
   </datafield>
   <datafield tag="653" ind2=" " ind1=" ">
      <subfield code="a">Análisis de corrrespondencias</subfield>
   </datafield>
   <datafield tag="653" ind2=" " ind1=" ">
      <subfield code="a">Análisis de clasificación</subfield>
   </datafield>
   <datafield tag="653" ind2=" " ind1=" ">
      <subfield code="a">Metodología</subfield>
   </datafield>
   <datafield tag="653" ind2=" " ind1=" ">
      <subfield code="a">Consumo</subfield>
   </datafield>
   <datafield tag="653" ind2=" " ind1=" ">
      <subfield code="a">Técnicas cuantitativas y cualitativas</subfield>
   </datafield>
   <datafield tag="653" ind2=" " ind1=" ">
      <subfield code="a">Data analysis</subfield>
   </datafield>
   <datafield tag="653" ind2=" " ind1=" ">
      <subfield code="a">Factor analysis and principal components</subfield>
   </datafield>
   <datafield tag="653" ind2=" " ind1=" ">
      <subfield code="a">Cluster analysis</subfield>
   </datafield>
   <datafield tag="653" ind2=" " ind1=" ">
      <subfield code="a">Methodology</subfield>
   </datafield>
   <datafield tag="653" ind2=" " ind1=" ">
      <subfield code="a">Consumption</subfield>
   </datafield>
   <datafield tag="653" ind2=" " ind1=" ">
      <subfield code="a">Quantitative and qualitative techniques</subfield>
   </datafield>
   <datafield ind2="0" ind1="0" tag="245">
      <subfield code="a">La articulación entre lo cuantitativo y lo cualitativo: de las grandes encuestas a la recogida de datos intensiva</subfield>
   </datafield>
</record></metadata></record></GetRecord></OAI-PMH>